Integrácia grafických rozhraní s jazykom R

Jazyk R primárne určený pre štatistické účely. Programovanie v príkazovom riadku. Schopnosti R rozšírené pomocou balíčkov vytvorených užívateľmi, ktoré umožňujú využitie špecializovaných štatistických nástrojov, grafického zobrazenia, nástrojov na import/export dát, pre tvorbu reportov. Grafické uží...

Descrizione completa

Salvato in:
Dettagli Bibliografici
Autore principale: Sojka, Pavol, 1978-
Natura: Capitolo di libro
Lingua:slovacco
Soggetti:
Tags: Aggiungi Tag
Nessun Tag, puoi essere il primo ad aggiungerne!!

MARC

LEADER 00000naa$a2200000$$$4500
001 0249019
005 20240502074000.5
041 0 |a slo 
044 |a SK 
245 1 0 |a Integrácia grafických rozhraní s jazykom R  |c Pavol Sojka 
520 |a Jazyk R primárne určený pre štatistické účely. Programovanie v príkazovom riadku. Schopnosti R rozšírené pomocou balíčkov vytvorených užívateľmi, ktoré umožňujú využitie špecializovaných štatistických nástrojov, grafického zobrazenia, nástrojov na import/export dát, pre tvorbu reportov. Grafické užívateľské rozhrania. Grafické prostredie Shiny. Sprístupnenie aplikácie používateľom. 
610 2 0 |a informatika 
610 2 0 |a programovanie 
610 2 0 |a jazyky programovacie 
100 1 |a Sojka, Pavol, 1978-